[Event "Eastern Asia-ch U14"]
[Site "Tornelo INT"]
[Date "2021.10.30"]
[Round "5"]
[White "Ridwan, Syed"]
[Black "Allen, Varghese"]
[Result "0-1"]
[WhiteElo "1313"]
[BlackElo "1117"]
[PlyCount "53"]
[EventDate "2021.10.29"]
[EventType "swiss"]
[EventRounds "9"]
[EventCountry "NET"]
[SourceTitle "EXT 2023"]
[Source "ChessBase"]
[SourceDate "2022.10.05"]
[SourceVersion "1"]
[SourceVersionDate "2022.10.05"]
[SourceQuality "1"]

1. Nf3 Nf6 2. g3 Nc6 3. Bg2 e5 4. d3 d5 5. Nbd2 Be6 6. 0-0 Bd6 7. e4 d4 8. Ne1 Qd7 9. a3 h5 10. h4 Bh3 11. Nc4 Bxg2 12. Nxd6+ cxd6 13. Kxg2 0-0-0 14. Bg5 Rdg8 15. c4 Nh7 16. Bd2 g5 17. Nf3 gxh4 18. Nxh4 Ng5 19. Bxg5 Rxg5 20. Kh2 Ne7 21. Qf3 Ng6 22. Rg1 Rg4 23. Nxg6 fxg6 24. Qf6 Rh7 25. f3 Rf7 26. Qh8+ Kc7 27. fxg4 0-1

[Event "Sheikh Kamal Online Inv"]
[Site "Tornelo INT"]
[Date "2021.08.29"]
[Round "7"]
[White "Ridwan, Syed"]
[Black "Neelava, Choudhury"]
[Result "1-0"]
[WhiteElo "1311"]
[BlackElo "1392"]
[PlyCount "53"]
[EventDate "2021.08.27"]
[EventType "tourn (rapid)"]
[EventRounds "9"]
[EventCountry "BAN"]
[SourceTitle "CBM 204 Extra"]
[Source "ChessBase"]
[SourceDate "2021.11.30"]
[SourceVersion "1"]
[SourceVersionDate "2021.11.30"]
[SourceQuality "1"]

1. Nf3 d5 2. g3 c5 3. Bg2 Nf6 4. d3 Nc6 5. 0-0 e6 6. Nbd2 Be7 7. e4 0-0 8. exd5 exd5 9. Re1 Bg4 10. h3 Bh5 11. g4 Bg6 12. Nf1 h6 13. Ng3 Re8 14. Nh4 Bh7 15. Nhf5 Bf8 16. Bd2 Rxe1+ 17. Qxe1 g6 18. Nxh6+ Bxh6 19. Bxh6 Qd6 20. Be3 Re8 21. Qd2 Nb4 22. c3 d4 23. Bxd4 cxd4 24. cxb4 Nd5 25. Bxd5 Qxd5 26. Ne4 f5 27. Nf6+ 1-0

[Event "Sheikh Kamal Online Inv"]
[Site "Tornelo INT"]
[Date "2021.08.28"]
[Round "5"]
[White "Tasnia Tarannum, Orpa"]
[Black "Ridwan, Syed"]
[Result "1-0"]
[WhiteElo "1577"]
[BlackElo "1311"]
[PlyCount "64"]
[EventDate "2021.08.27"]
[EventType "tourn (rapid)"]
[EventRounds "9"]
[EventCountry "BAN"]
[SourceTitle "CBM 204 Extra"]
[Source "ChessBase"]
[SourceDate "2021.11.30"]
[SourceVersion "1"]
[SourceVersionDate "2021.11.30"]
[SourceQuality "1"]

1. e4 e5 2. Nf3 d6 3. d4 exd4 4. Nxd4 Nf6 5. Nc3 Be7 6. Be2 0-0 7. 0-0 c5 8. Nf5 Nc6 9. Nxe7+ Qxe7 10. Nd5 Nxd5 11. exd5 Ne5 12. f4 Nd7 13. Bd2 Qh4 14. Be1 Qf6 15. Bc3 Qe7 16. Qd2 Nf6 17. Bd3 h6 18. Rae1 Qd7 19. Bxf6 gxf6 20. c4 Qg4 21. Rf3 Kh8 22. Rg3 Qh5 23. f5 Kh7 24. Rh3 Qg5 25. Qf2 Rg8 26. Rg3 Qh4 27. Rg7+ Rxg7 28. Qxh4 Rg5 29. Re7 Rg7 30. Qxf6 b6 31. Rxf7 Rxf7 32. Qxf7+ Kh8 1-0

[Event "Dhaka Borsho op"]
[Site "Dhaka"]
[Date "2021.01.13"]
[Round "6"]
[White "Mohammed, Asaduzzaman"]
[Black "Ridwan, Syed"]
[Result "1-0"]
[WhiteElo "1781"]
[BlackElo "1343"]
[PlyCount "47"]
[EventDate "2021.01.09"]
[EventType "swiss"]
[EventRounds "9"]
[EventCountry "BAN"]
[SourceTitle "CBM 200 Extra"]
[Source "ChessBase"]
[SourceDate "2021.03.31"]
[SourceVersion "1"]
[SourceVersionDate "2021.03.31"]
[SourceQuality "1"]

1. c4 c5 2. Nf3 Nf6 3. Nc3 Nc6 4. e3 e5 5. d3 d6 6. h3 Be6 7. g3 g6 8. Bg2 Bg7 9. Ng5 Bd7 10. Nb5 Bc8 11. Bxc6+ bxc6 12. Nc3 d5 13. e4 d4 14. Na4 Nd7 15. h4 h5 16. f4 Qe7 17. 0-0 0-0 18. f5 Nf6 19. b3 Qd6 20. Qf3 Re8 21. Ba3 Nd7 22. fxg6 fxg6 23. Qf7+ Kh8 24. Qxe8+ 1-0

[Event "Wch FIDE Online U12 Asia qual"]
[Site "Tornelo INT"]
[Date "2020.12.11"]
[Round "2"]
[White "Ashraf, Artin"]
[Black "Ridwan, Syed"]
[Result "1-0"]
[WhiteElo "2075"]
[BlackElo "1343"]
[PlyCount "73"]
[EventDate "2020.12.11"]
[EventType "swiss (rapid)"]
[EventRounds "7"]
[EventCountry "ISS"]
[SourceTitle "EXT 2022"]
[Source "ChessBase"]
[SourceDate "2021.10.06"]
[SourceVersion "1"]
[SourceVersionDate "2021.10.06"]
[SourceQuality "1"]

1. Nf3 Nf6 2. g3 g6 3. Bg2 Bg7 4. d4 d5 5. 0-0 0-0 6. c4 dxc4 7. Qa4 Bf5 8. Qxc4 Nc6 9. Nc3 a6 10. Bf4 h6 11. Rfd1 g5 12. Be5 e6 13. Rac1 Qe7 14. Qb3 Nxe5 15. dxe5 Nd7 16. Nd4 Rab8 17. Nxf5 exf5 18. f4 b6 19. Nd5 Qe6 20. Rc6 Nc5 21. Qc4 Qe8 22. Nxc7 Qe7 23. Nd5 Qe8 24. Rxh6 Bxh6 25. Nf6+ Kg7 26. Nxe8+ Rfxe8 27. e3 gxf4 28. exf4 Rec8 29. Qe2 Kg8 30. Qh5 Bg7 31. Bd5 Ne6 32. Bxe6 fxe6 33. Rd7 Rc1+ 34. Kg2 Rc2+ 35. Kh3 Rbc8 36. Qg6 R8c7 37. Qxg7# 1-0

[Event "BAN-ch Morning Glory Online"]
[Site "Chess.com INT"]
[Date "2020.10.30"]
[Round "4"]
[White "Hamid, Rani"]
[Black "Ridwan, Syed"]
[Result "1-0"]
[WhiteElo "2006"]
[BlackElo "1313"]
[PlyCount "101"]
[EventDate "2020.10.29"]
[EventType "swiss"]
[EventRounds "9"]
[EventCountry "BAN"]
[SourceTitle "EXT 2022"]
[Source "ChessBase"]
[SourceDate "2021.10.06"]
[SourceVersion "1"]
[SourceVersionDate "2021.10.06"]
[SourceQuality "1"]

1. e4 e5 2. Nf3 Nc6 3. Bc4 Bc5 4. 0-0 Nf6 5. d3 0-0 6. c3 h6 7. b4 Bb6 8. a4 a5 9. b5 Ne7 10. Nxe5 d5 11. exd5 Nexd5 12. h3 Be6 13. Qe2 Nf4 14. Bxf4 Bxc4 15. Nxc4 Re8 16. Qf3 Nd5 17. Bd2 Qd7 18. Nba3 c6 19. Nxb6 Nxb6 20. d4 Nd5 21. bxc6 bxc6 22. Nc4 Re6 23. Rfe1 Rf6 24. Qg3 Rg6 25. Qh4 Qf5 26. Ne5 Re6 27. Qg4 Qxg4 28. Nxg4 Rae8 29. Rxe6 Rxe6 30. Re1 Rg6 31. Ne5 Re6 32. Nc4 Rxe1+ 33. Bxe1 g5 34. Nxa5 Nb6 35. Nxc6 Nxa4 36. d5 Nc5 37. d6 Kf8 38. c4 Ke8 39. Ne5 f6 40. d7+ Nxd7 41. Nxd7 Kxd7 42. Bc3 f5 43. Kf1 Kc6 44. Bd4 h5 45. Ke2 Kd6 46. Kd3 Kc6 47. Bf6 g4 48. hxg4 hxg4 49. Kd4 Kd6 50. Be5+ Kc6 51. Bf4 1-0

[Event "Dhaka Saarc op"]
[Site "Dhaka"]
[Date "2019.11.26"]
[Round "2"]
[White "Md, Sariatullah"]
[Black "Ridwan, Syed"]
[Result "1-0"]
[WhiteElo "2096"]
[BlackElo "1190"]
[PlyCount "69"]
[EventDate "2019.11.25"]
[EventType "swiss"]
[EventRounds "9"]
[EventCountry "BAN"]
[SourceTitle "CBM 193 Extra"]
[Source "ChessBase"]
[SourceDate "2020.01.31"]
[SourceVersion "1"]
[SourceVersionDate "2020.01.31"]
[SourceQuality "1"]

1. e4 c5 2. Nf3 d6 3. d4 cxd4 4. Nxd4 Nf6 5. Nc3 Nc6 6. Be2 g6 7. Be3 Bg7 8. f3 0-0 9. Qd2 a6 10. 0-0-0 Qc7 11. g4 Bd7 12. h4 Ne5 13. h5 Nc4 14. Bxc4 Qxc4 15. Bh6 Rfc8 16. Bxg7 Kxg7 17. hxg6 fxg6 18. Qh6+ Kf7 19. g5 Ng8 20. Qxh7+ Kf8 21. Qxg6 Be8 22. Ne6+ Qxe6 23. Qxe6 Bf7 24. Qf5 Rc5 25. Qf4 Rac8 26. Rh7 Ke8 27. Qxf7+ Kd7 28. Rg7 Kc6 29. Rxg8 Rc7 30. Nd5 Rd7 31. Rc8+ Kb5 32. a4+ Ka5 33. b4+ Kxa4 34. bxc5 b5 35. Nb6+ 1-0